[Event "Schleswig Holstein-ch U14 VM"]
[Site "Neumuenster"]
[Date "2008.03.30"]
[Round "9"]
[White "Hintz, Benedikt"]
[Black "Winter, Hauke"]
[Result "0-1"]
[WhiteElo "859"]
[BlackElo "1015"]
[PlyCount "60"]
[EventDate "2008.03.24"]
[EventType "swiss"]
[EventRounds "9"]
[EventCountry "GER"]
[SourceTitle "EXT 2009"]
[Source "ChessBase"]
[SourceDate "2008.11.26"]
[SourceVersion "1"]
[SourceVersionDate "2008.11.26"]
[SourceQuality "1"]

1. d4 d5 2. c4 dxc4 3. Nc3 Nf6 4. e4 Nc6 5. Nf3 Bg4 6. d5 Ne5 7. Be2 Bxf3 8. Bxf3 e6 9. a3 Bc5 10. 0-0 Qe7 11. Bf4 Nd3 12. Qd2 e5 13. Bg3 Bb6 14. Be2 Nc5 15. Bxc4 Nfxe4 16. Nxe4 Nxe4 17. Qe2 Nxg3 18. hxg3 h5 19. Bb5+ Kd8 20. Qe4 h4 21. gxh4 Rxh4 22. Qe2 Rh8 23. g3 Qf6 24. Qg4 Qd6 25. Qxg7 Ke7 26. Rfe1 Bd4 27. Bc4 b5 28. Bxb5 Qxd5 29. Qg5+ Kf8 30. Be2 Qh1# 0-1

[Event "Schleswig Holstein-ch U14 VM"]
[Site "Neumuenster"]
[Date "2008.03.26"]
[Round "4"]
[White "Heinrich, Sebastian"]
[Black "Hintz, Benedikt"]
[Result "0-1"]
[WhiteElo "755"]
[BlackElo "859"]
[PlyCount "52"]
[EventDate "2008.03.24"]
[EventType "swiss"]
[EventRounds "9"]
[EventCountry "GER"]
[SourceTitle "EXT 2009"]
[Source "ChessBase"]
[SourceDate "2008.11.26"]
[SourceVersion "1"]
[SourceVersionDate "2008.11.26"]
[SourceQuality "1"]

1. e4 e5 2. Nf3 Nc6 3. Bb5 a6 4. Bxc6 dxc6 5. Nxe5 Qd4 6. Nxf7 Kxf7 7. d3 Bc5 8. 0-0 Nf6 9. Nc3 Rf8 10. Qf3 Kg8 11. Be3 Qe5 12. Bxc5 Qxc5 13. Qg3 Be6 14. Qxc7 Rf7 15. Qg3 Raf8 16. Rad1 Rd8 17. Rd2 Nh5 18. Qh4 Rdd7 19. Re2 Rf4 20. Qxf4 Nxf4 21. Na4 Nxe2+ 22. Kh1 Qxc2 23. Nb6 Rxd3 24. h3 Rd1 25. Rxd1 Qxd1+ 26. Kh2 Qg1# 0-1